| 000 | 00609cab a2200217 4500 | ||
|---|---|---|---|
| 001 | ABS46803 | ||
| 008 | 090401t1992 xxu||||| |||| 00| 0 eng d | ||
| 035 | _a(Sirsi) u59526 | ||
| 041 | _aeng | ||
| 100 | _aPayne, S. | ||
| 245 | _aDevelopment and planning permission | ||
| 260 | _c1992 | ||
| 350 | _a0 | ||
| 490 |
_aNew Law Journal _v142(6562) 24 July 1992, 1061-1062(2) |
||
| 520 | _aExamines recent changes to the Use Classes and General Development Order 1988. | ||
| 650 | _aFARM BUILDINGS | ||
| 650 | _aFISH FARMING | ||
| 690 | _aPLANNING LAW AND PRACTICE | ||
| 942 | _n0 | ||
| 948 | _c04/03/1997 | ||
| 999 |
_c36525 _d36525 |
||